书目信息 |
| 题名: |
世界经典悲剧喜剧金榜 上
|
|
| 作者: | 贺年 主编 | |
| 分册: | ||
| 出版信息: | 呼和浩特 内蒙古人民出版社 2003 |
|
| 页数: | 506页 | |
| 开本: | 21cm | |
| 丛书名: | ||
| 单 册: | ||
| 中图分类: | I13 | |
| 科图分类: | ||
| 主题词: | 喜剧--剧本--世界--选集 , 悲剧 , 悲剧--剧本--世界--选集 , 喜剧 | |
| 电子资源: | ||
| ISBN: | 7-204-06863-7 | |
| 000 | 01058nam2 2200325 450 | |
| 001 | 073000001825 | |
| 005 | 20040224172105.0 | |
| 010 | @a7-204-06863-7@dCNY24.90 | |
| 100 | @a20040224d em y0chiy0110 ea | |
| 101 | 1 | @achi@cmul |
| 102 | @aCN@b150000 | |
| 105 | @ay z 000by | |
| 200 | 1 | @a世界经典悲剧喜剧金榜 上@Ashi jie jing dian bei ju xi ju jin bang shang@f贺年主编 |
| 210 | @a呼和浩特@c内蒙古人民出版社@d2003 | |
| 215 | @a506页@d21cm@e光盘1片 | |
| 300 | 2 | @a世界经典金榜 |
| 307 | @a附光盘 ISRC CN-X54-03-0003-0 | |
| 330 | @a全书分为上、下两册。分别涵盖了世界十大经典喜剧金榜和世界十大经典悲剧金榜两大部分内容。 | |
| 461 | 0 | @12001 @a世界经典金榜 |
| 510 | 1 | @aThe World Classic Tragedies and Comedies@zeng |
| 606 | 0 | @a喜剧@x剧本@y世界@j选集 |
| 606 | 0 | @a悲剧 |
| 606 | 0 | @a悲剧@x剧本@y世界@j选集 |
| 606 | 0 | @a喜剧 |
| 690 | @aI13@v4 | |
| 701 | 0 | @a贺年@Ahe nian@4主编 |
| 801 | 2 | @aCN@bHX@c20040224 |
| 905 | @aBZT@dI13@e1-1 | |
| 906 | @dCNY49.80@n0@r1 | |
| 999 | @tC@Axiuxia@a20040224 17:21:03@Ixiuxia@i20040224 17:21:05 | |
| 世界经典悲剧喜剧金榜 上/贺年主编.-呼和浩特:内蒙古人民出版社,2003 |
| 506页;21cm+光盘1片 |
| 世界经典金榜 |
| ISBN 7-204-06863-7:CNY24.90 |
| 全书分为上、下两册。分别涵盖了世界十大经典喜剧金榜和世界十大经典悲剧金榜两大部分内容。 |
| ● |
| 相关链接 |
|
|
|
正题名:世界经典悲剧喜剧金榜 上
索取号:I13/1-1
 
预约/预借
| 序号 | 登录号 | 条形码 | 馆藏地/架位号 | 状态 | 备注 |
| 1 | 421661 | 210483109 | 中心书库中库/打包BH1067/ [索取号:I13/1-1] | 在馆 | |
| 2 | 421662 | 210483092 | 中心书库中库/打包BH0979/ [索取号:I13/1-1] | 在馆 | |
| 3 | 421663 | 210483145 | 中心书库中库/打包BH1045/ [索取号:I13/1-1] | 在馆 | |
| 4 | 421664 | 210483136 | 中心书库中库/打包BH1024/ [索取号:I13/1-1] | 在馆 | |
| 5 | 421665 | 210483127 | 中心书库中库/打包BH1045/ [索取号:I13/1-1] | 在馆 | |
| 6 | 421666 | 210483118 | 中心书库中库/打包BH1024/ [索取号:I13/1-1] | 在馆 | |
| 7 | 421667 | 210483181 | 中心书库中库/打包BH1045/ [索取号:I13/1-1] | 在馆 | |
| 8 | 421668 | 210483172 | 中心书库中库/打包BH1002/ [索取号:I13/1-1] | 在馆 | |
| 9 | 421669 | 210483163 | 中心书库中库/打包BH1067/ [索取号:I13/1-1] | 在馆 | |
| 10 | 421670 | 210483154 | 中心书库中库/打包BH1045/ [索取号:I13/1-1] | 在馆 |